• 首页
  • 本馆介绍
  • 公告通知
  • 最新文献
  • 馆藏检索
  • 电子资源
  • 读者导购
  • 参考咨询
  • 我的图书馆
  • 登录
  • 详细信息显示
  • 放入我的书架
  • 预约/预借图书
  • 作者相关作品
  • 分类相关作品
  • 丛书相关作品
  • 出版社相关作品

书目信息

  • 表格格式
  • 工作单格式
  • 卡片格式
题名:
20世纪物理学
    
 
作者: 布朗 , 佩斯 , 皮帕德 编 ;刘寄星 主译
分册: 第1卷  
出版信息: 北京   科学出版社  2014.2
页数: 14,537页
开本: 25cm
丛书名:
单 册:
中图分类: O4-091
科图分类:
主题词: 物理学史--世界--20世纪
电子资源:
ISBN: 978-7-03-039670-9
000 01062nam0 2200277 450
001 0400004850
005 20171026151524.04
010    @a978-7-03-039670-9@b精装@dCNY148.00
100    @a20140702e20162014em y0chiy50 ea
101 1  @achi@ceng
102    @aCN@b110000
105    @aa z 000yy
106    @ar
200 1  @a20世纪物理学@920 shi ji wu li xue@h第1卷@dTwentieth century physics@f(美)Laurie M Brown,(美)Abraham Pais,(英)Brian Pippard编@g刘寄星主译@zeng
210    @a北京@c科学出版社@d2014.2@h2016.12
215    @a14,537页@c图@d25cm
330    @a本书内容包括:1900年的物理学;引进原子和原子核;量子和量子力学;相对论的历史;核力、介子和同位旋对称性等。
510 1  @aTwentieth century physics@zeng
606 0  @a物理学史@y世界@z20世纪
690    @aO4-091@v5
701  0 @c(美)@a布朗@9bu lang@c(Brown, Laurie M)@4编
701  0 @c(美)@a佩斯@9pei si@c(Pais, Abraham)@4编
701  0 @c(英)@a皮帕德@9pi pa de@c(Pippard, Brian)@4编
702  0 @a刘寄星@9liu ji xing@4主译
801  0 @aCN@b91MARC@c20171025
905    @b1039620-3@dO4-091@f4@e844:1
    
    20世纪物理学.第1卷=Twentieth century physics/(美)Laurie M Brown,(美)Abraham Pais,(英)Brian Pippard编/刘寄星主译.-北京:科学出版社,2014.2(2016.12)
    14,537页:图;25cm
    
    
    ISBN 978-7-03-039670-9(精装):CNY148.00
    本书内容包括:1900年的物理学;引进原子和原子核;量子和量子力学;相对论的历史;核力、介子和同位旋对称性等。
●
相关链接 在E读中查询图书 在五车中查询图书 在当当中查询图书 在豆瓣中查询图书


正题名:20世纪物理学     索取号:O4-091/844:1         预约/预借

序号 登录号 条形码 馆藏地/架位号 状态 备注
1 1039620   210396203   第二样本阅览室/ [索取号:O4-091/844:1] 在馆    
2 1039621   210396212   密集书库-物理学院/ [索取号:O4-091/844:1] 在馆    
3 1039622   210396221   第三借阅区/ [索取号:O4-091/844:1] 在馆    
4 1039623   210396230   第三借阅区/ [索取号:O4-091/844:1] 在馆    
唐山师范学院图书馆 欢迎您!
大连网信软件有限公司© 版权所有